[Event "Hessen-ch U16"]
[Site "Bad Homburg"]
[Date "2013.??.??"]
[Round "2"]
[White "Jin, Benjamin"]
[Black "Kneussel, Nils"]
[Result "1-0"]
[WhiteElo "1423"]
[BlackElo "1538"]
[PlyCount "101"]
[EventDate "2013.03.??"]
[EventType "swiss"]
[EventRounds "7"]
[EventCountry "GER"]
[SourceTitle "EXT 2014"]
[Source "ChessBase"]
[SourceDate "2013.11.20"]
[SourceVersion "1"]
[SourceVersionDate "2013.11.20"]
[SourceQuality "1"]

1. Nf3 Nf6 2. g3 g6 3. Bg2 Bg7 4. 0-0 0-0 5. d4 d5 6. c4 c6 7. cxd5 cxd5 8. Nc3 Nc6 9. Ne5 Bf5 10. h3 Nd7 11. g4 Be6 12. f4 f5 13. Nxd5 Ndxe5 14. dxe5 fxg4 15. hxg4 Bxg4 16. Qd3 e6 17. Nc3 Nd4 18. Rd1 Nxe2+ 19. Qxe2 Bxe2 20. Rxd8 Raxd8 21. Nxe2 b6 22. Nc3 Bh6 23. Bh3 Rde8 24. Ne4 Bg7 25. Bd2 Rf7 26. Nd6 Ree7 27. Nxf7 Kxf7 28. Bb4 Rc7 29. Rf1 Bh6 30. b3 Rc2 31. Rf2 Rxf2 32. Kxf2 Bxf4 33. Bd6 h5 34. Kf3 g5 35. b4 Bc1 36. Ke4 g4 37. Bf1 h4 38. Bb8 a5 39. b5 Kg6 40. Bc7 Kg5 41. Bxb6 h3 42. Be3+ Bxe3 43. Kxe3 Kh4 44. b6 Kg3 45. Bb5 Kh2 46. b7 g3 47. b8Q g2 48. Qg8 g1Q+ 49. Qxg1+ Kxg1 50. Bc6 h2 51. Kd4 1-0

[Event "Hessen-ch U16"]
[Site "Bad Homburg"]
[Date "2012.??.??"]
[Round "5"]
[White "Kneussel, Nils"]
[Black "Hoeppner, Michael"]
[Result "1/2-1/2"]
[WhiteElo "1483"]
[BlackElo "1339"]
[PlyCount "85"]
[EventDate "2012.04.??"]
[EventType "swiss"]
[EventRounds "9"]
[EventCountry "GER"]
[SourceTitle "EXT 2015"]
[Source "ChessBase"]
[SourceDate "2014.11.20"]
[SourceVersion "1"]
[SourceVersionDate "2014.11.20"]
[SourceQuality "1"]

1. d4 Nf6 2. c4 g6 3. Nc3 Bg7 4. Nf3 0-0 5. Bg5 d6 6. e3 h6 7. Bh4 g5 8. Bg3 Nh5 9. Bd3 Nxg3 10. hxg3 Nd7 11. Qe2 e5 12. 0-0-0 exd4 13. exd4 Re8 14. Qd2 Nf6 15. Rdf1 c5 16. d5 Ng4 17. Bc2 Ne5 18. Nxe5 Rxe5 19. f4 Re8 20. Kb1 a6 21. fxg5 Qxg5 22. Qxg5 hxg5 23. Ne4 Be5 24. Nf6+ Bxf6 25. Rxf6 Re2 26. Rg1 Bg4 27. Rxd6 Rae8 28. a3 Re1+ 29. Rxe1 Rxe1+ 30. Ka2 Re2 31. Bb3 Kf8 32. Rd8+ Re8 33. Rxe8+ Kxe8 34. Kb1 Be2 35. Kc2 Bf1 36. Kd2 Bxg2 37. Ke3 f5 38. Bc2 Bh3 39. b4 b6 40. bxc5 bxc5 41. Bd1 Bf1 42. Be2 Bxe2 43. Kxe2 1/2-1/2